| 000 | 00377nam a22001577a 4500 | ||
|---|---|---|---|
| 999 |
_c532637 _d532637 |
||
| 003 | NUST | ||
| 005 | 20191127101059.0 | ||
| 008 | 191127b ||||| |||| 00| 0 eng d | ||
| 038 | _aMSOHAIL | ||
| 082 | _a0 | ||
| 100 |
_aEngr. Zahid Arif _926269 |
||
| 245 | _aRoad Guide 2011 | ||
| 260 |
_aPeshawar _bFrontier Highways Authority _cc2011 |
||
| 300 | _ap;162 | ||
| 942 |
_2ddc _cBK |
||